| 000 | 01626nam a22001817a 4500 | ||
|---|---|---|---|
| 003 | NUST | ||
| 005 | 20240923140553.0 | ||
| 082 | _a621.382,AUR | ||
| 100 |
_aAurangzeb, Haider _9125994 |
||
| 245 |
_aDigital Wireless Communication Hardware Co-Simulation (DWCHCS) / _cHaider Aurangzeb, Usama Kabir, Shahzeb Hashmat, Zain Ali. |
||
| 260 |
_aMCS, NUST _bRawalpindi _c2024 |
||
| 300 | _a62 p | ||
| 505 | _aDigital communication systems are pivotal in today's world, yet undergraduates often struggle to understand them fully. Traditional teaching methods prioritize theory over practical application. Our project aims to provide students with hands-on experience in implementing digital communication blocks. With Adalm Pluto hardware and GNU Radio software, students will engage in practical experimentation. This approach facilitates a deeper understanding of concepts like source coding and modulation techniques. The first phase of our methodology focuses on learning the theoretical concepts while the second phase covers the practical application. Some of the core goals of the project can be stated as follows: Students should be able to demonstrate working wireless communication prototypes, receive digital signals from specific sources, and retrieve the information contained in these messages. It develops the skills that are relevant to the current digital communication and signal processing fields as well as engineering challenges that will face the learners in the future. | ||
| 650 |
_aUG EE Project _9118090 |
||
| 651 |
_aBEE-57 _9125983 |
||
| 700 |
_aSupervisor Dr. Faisal Akram _9125995 |
||
| 942 |
_2ddc _cPR |
||
| 999 |
_c611736 _d611736 |
||